THE CODE OF CRIMINAL PROCEDURE (Record no. 15155)

MARC details
000 -LEADER
fixed length control field 00438nam a22001577a 4500
003 - CONTROL NUMBER IDENTIFIER
control field SGT
020 ## - INTERNATIONAL STANDARD BOOK NUMBER
International Standard Book Number 9789351434627
082 ## - DEWEY DECIMAL CLASSIFICATION NUMBER
Classification number 345.095 405,SAR
100 ## - MAIN ENTRY--PERSONAL NAME
Personal name SARKAR,S.C.
245 ## - TITLE STATEMENT
Title THE CODE OF CRIMINAL PROCEDURE
Remainder of title AN ENCYCLOPAEDIC COMMENTARY ON THE CODE OF CRIMINAL PROCEDURE,1973
250 ## - EDITION STATEMENT
Edition statement 11TH
260 ## - PUBLICATION, DISTRIBUTION, ETC. (IMPRINT)
Place of publication, distribution, etc GURGAON
Name of publisher, distributor, etc LEXIS NEXIS
Year of Publication 2015
300 ## - PAGE DESCRIPTION
No. of Pages 2829+154
650 ## - SUBJECT ADDED ENTRY--TOPICAL TERM
Topical term or geographic name as entry element THE CODE OF CRIMINAL PROCEDURE
942 ## - ADDED ENTRY ELEMENTS (KOHA)
Source of classification or shelving scheme Dewey Decimal Classification
Koha item type Books
Holdings
Withdrawn status Lost status Source of classification or shelving scheme Damaged status Not for loan Collection code Home library Current library Shelving location Date acquired Vendor Name Cost, normal purchase price Volume Information (Serial or Books or Non-Book Material) SGTU Bill Number Full call number Accession No. (Barcode) Date last seen Bill Date Koha item type
    Dewey Decimal Classification   Not For Loan LAW SGT Science & Social Sciences Library SGT Science & Social Sciences Library Reference Book 07/02/2018 COMMERCIAL HOUSE 4495.00 2 SGTU 3838 345.095 405,SAR FL2092 07/02/2018 03/02/2018 Books